Brunner & Suddarth's textbook of medical-surgical nursing / (Record no. 39073)
[ view plain ]
| 000 -LEADER | |
|---|---|
| fixed length control field | 02162cam a22006014a 4500 |
| 001 - CONTROL NUMBER | |
| control field | 14497297 |
| 003 - CONTROL NUMBER IDENTIFIER | |
| control field | OSt |
| 005 - DATE AND TIME OF LATEST TRANSACTION | |
| control field | 20140311162957.0 |
| 007 - PHYSICAL DESCRIPTION FIXED FIELD--GENERAL INFORMATION | |
| fixed length control field | co uga|||||||| |
| 008 - FIXED-LENGTH DATA ELEMENTS--GENERAL INFORMATION | |
| fixed length control field | 060810s2008 paua b 001 0 eng |
| 010 ## - LIBRARY OF CONGRESS CONTROL NUMBER | |
| LC control number | 2006026479 |
| 015 ## - NATIONAL BIBLIOGRAPHY NUMBER | |
| National bibliography number | GBA674780 |
| Source | bnb |
| 016 7# - NATIONAL BIBLIOGRAPHIC AGENCY CONTROL NUMBER | |
| Record control number | 101284815 |
| Source | DNLM |
| 016 7# - NATIONAL BIBLIOGRAPHIC AGENCY CONTROL NUMBER | |
| Record control number | 013541907 |
| Source | Uk |
| 020 ## - INTERNATIONAL STANDARD BOOK NUMBER | |
| International Standard Book Number | 9780781759786 (onevolume ed. : alk. paper) |
| 020 ## - INTERNATIONAL STANDARD BOOK NUMBER | |
| International Standard Book Number | 0781766958 (twovolume ed. : alk. paper) |
| 020 ## - INTERNATIONAL STANDARD BOOK NUMBER | |
| International Standard Book Number | 0781784700 (twovolume ed. : alk. paper) |
| 035 ## - SYSTEM CONTROL NUMBER | |
| System control number | (OCoLC)ocm70929238 |
| 035 ## - SYSTEM CONTROL NUMBER | |
| System control number | (OCoLC)70929238 |
| Canceled/invalid control number | (OCoLC)71239163 |
| -- | (OCoLC)84717403 |
| 040 ## - CATALOGING SOURCE | |
| Original cataloging agency | DNLM/DLC |
| Transcribing agency | DLC |
| Modifying agency | NLM |
| -- | BAKER |
| -- | UKM |
| -- | C#P |
| -- | YDXCP |
| -- | OCLCQ |
| -- | DLC |
| 042 ## - AUTHENTICATION CODE | |
| Authentication code | pcc |
| 050 00 - LIBRARY OF CONGRESS CALL NUMBER | |
| Classification number | RT 41 |
| Item number | .T46 2008 |
| 245 00 - TITLE STATEMENT | |
| Title | Brunner & Suddarth's textbook of medical-surgical nursing / |
| 246 3# - VARYING FORM OF TITLE | |
| Title proper/short title | Brunner and Suddarth's textbook of medical-surgical nursing |
| 246 30 - VARYING FORM OF TITLE | |
| Title proper/short title | Textbook of medical-surgical nursing |
| 250 ## - EDITION STATEMENT | |
| Edition statement | 11th ed. / |
| Remainder of edition statement | [edited by] Suzanne C. Smeltzer ... [et al.]. |
| 260 ## - PUBLICATION, DISTRIBUTION, ETC. (IMPRINT) | |
| Place of publication, distribution, etc | Philadelphia : |
| Name of publisher, distributor, etc | Lippincott Williams & Wilkins, |
| Date of publication, distribution, etc | 2008. |
| 300 ## - PHYSICAL DESCRIPTION | |
| Extent | xxix, 2630, 109 p. : |
| Other physical details | ill. (chiefly col.) ; |
| Dimensions | 29 cm. + |
| Accompanying material | 1 CD-ROM (4 3/4 in.) |
| 500 ## - GENERAL NOTE | |
| General note | Previous ed.: 2004. |
| 504 ## - BIBLIOGRAPHY, ETC. NOTE | |
| Bibliography, etc | Includes bibliographical references and index. |
| 521 ## - TARGET AUDIENCE NOTE | |
| Target audience note | |
| 562 ## - COPY AND VERSION IDENTIFICATION NOTE | |
| Number of copies | for circulation. 9 copies available in the collection |
| 650 #0 - SUBJECT ADDED ENTRY--TOPICAL TERM | |
| Topical term or geographic name as entry element | Nursing. |
| 650 #0 - SUBJECT ADDED ENTRY--TOPICAL TERM | |
| Topical term or geographic name as entry element | Surgical nursing. |
| 650 12 - SUBJECT ADDED ENTRY--TOPICAL TERM | |
| Topical term or geographic name as entry element | Nursing Care. |
| 650 22 - SUBJECT ADDED ENTRY--TOPICAL TERM | |
| Topical term or geographic name as entry element | Perioperative Nursing. |
| 700 1# - ADDED ENTRY--PERSONAL NAME | |
| Personal name | Brunner, Lillian Sholtis. |
| 700 1# - ADDED ENTRY--PERSONAL NAME | |
| Personal name | Suddarth, Doris Smith. |
| 700 1# - ADDED ENTRY--PERSONAL NAME | |
| Personal name | Smeltzer, Suzanne C. O'Connell. |
| 856 41 - ELECTRONIC LOCATION AND ACCESS | |
| Materials specified | Table of contents only |
| Uniform Resource Identifier | <a href="http://www.loc.gov/catdir/toc/ecip0619/2006026479.html">http://www.loc.gov/catdir/toc/ecip0619/2006026479.html</a> |
| 856 42 - ELECTRONIC LOCATION AND ACCESS | |
| Materials specified | Publisher description |
| Uniform Resource Identifier | <a href="http://www.loc.gov/catdir/enhancements/fy0712/2006026479-d.html">http://www.loc.gov/catdir/enhancements/fy0712/2006026479-d.html</a> |
| 906 ## - LOCAL DATA ELEMENT F, LDF (RLIN) | |
| a | 7 |
| b | cbc |
| c | orignew |
| d | 1 |
| e | ecip |
| f | 20 |
| g | y-gencatlg |
| 942 ## - ADDED ENTRY ELEMENTS (KOHA) | |
| Source of classification or shelving scheme | Library of Congress Classification |
| Koha item type | Books |
| Call number prefix | Foreign |
| Withdrawn status | Lost status | Source of classification or shelving scheme | Materials specified (bound volume or other part) | Damaged status | Home library | Current library | Shelving location | Date acquired | Total Checkouts | Total Renewals | Full call number | Barcode | Date last seen | Date checked out | Copy number | Price effective from | Koha item type |
|---|---|---|---|---|---|---|---|---|---|---|---|---|---|---|---|---|---|
| Library of Congress Classification | vol.2 | College Library | College Library | General Circulation Section | 12/19/2013 | 3 | 12 | RT 41 .T46 2008 vol.2 | C8848 | 05/15/2018 | 04/03/2018 | 2 | 12/19/2013 | Books |